| Tag |
First Indicator |
Second Indicator |
Subfields |
| LEADER |
00000cam a2200000 a 4500 |
| 001 |
in00000947607 |
| 005 |
20150925135140.0 |
| 008 |
880115s1988 nju b 00110 eng |
| 010 |
|
|
|a 88001493
|
| 020 |
|
|
|a 0810821214
|
| 035 |
|
|
|a (OCoLC)17506349
|
| 035 |
|
|
|9 AES5630AM
|
| 040 |
|
|
|a DLC
|c DLC
|d FNU
|d UtOrBLW
|
| 049 |
|
|
|a TXAM
|
| 050 |
0 |
0 |
|a QE11
|b .T47 1988
|
| 082 |
0 |
|
|a 550/.9
|2 19
|
| 100 |
1 |
|
|a Thompson, Susan J.
|
| 245 |
1 |
2 |
|a A chronology of geological thinking from antiquity to 1899 /
|c by Susan J. Thompson.
|
| 264 |
|
1 |
|a Metuchen, N.J. :
|b Scarecrow Press,
|c 1988.
|
| 300 |
|
|
|a vii, 320 pages ;
|c 23 cm.
|
| 336 |
|
|
|a text
|b txt
|2 rdacontent
|
| 337 |
|
|
|a unmediated
|b n
|2 rdamedia
|
| 338 |
|
|
|a volume
|b nc
|2 rdacarrier
|
| 504 |
|
|
|a Bibliography: pages 287-300.
|
| 650 |
|
7 |
|a Géologie
|x Chronologie.
|2 ram
|
| 650 |
|
0 |
|a Geology
|x Chronology.
|
| 999 |
|
|
|a MARS
|
| 999 |
f |
f |
|s 73525490-aaee-3c0c-b61c-360fc8aed294
|i cc65d91c-7425-32bc-83bf-a5d35df0891b
|t 0
|
| 952 |
f |
f |
|p ric
|a Texas A&M University
|b Rellis Campus
|c Joint Library Facility
|d Remote Storage
|t 0
|e QE11 .T47 1988
|h Library of Congress classification
|i unmediated -- volume
|m A14812709285
|
| 998 |
f |
f |
|a QE11 .T47 1988
|t 0
|l Remote Storage
|